| 000 | 00755cam a2200241 4500 | ||
|---|---|---|---|
| 008 | 070823s2002 mx 000 0 spa u | ||
| 020 | _a9505572727(primera edición) | ||
| 020 | _a9681665287(segunda edición) | ||
| 035 | _aa463859 | ||
| 100 | _a | ||
| 245 | 4 |
_aHijos de la libertad / _cUlrich Beck comp. ; tr de M;ariana Rojas Bermúdez. |
|
| 250 | _a2a ed. | ||
| 260 |
_aMéxico : _bFondo de Cultura Económica, _c2002 |
||
| 300 |
_a357 p. : _c23 cm. |
||
| 440 | _aSección de obras de sociología | ||
| 500 | _aTraducción de :Kinder freiheit | ||
| 650 | 4 |
_aMoral _xSociedad |
|
| 650 | 4 |
_aEtica _xSociedad |
|
| 700 | 1 | _aBeck, Ulrich, comp. | |
| 700 | 1 | _aRojas Bermúdez, Mariana, tr. | |
| 942 |
_2lcc _cLIB |
||
| 999 |
_c74859 _d74859 |
||